[Event "DEM U12 2023"]
[Site "Willingen GER"]
[Date "2023.05.29"]
[Round "3"]
[White "Wang, Kaiwen"]
[Black "Bundan, Edward"]
[Result "1/2-1/2"]
[Termination "normal"]
[Board "17"]
[WhiteElo "1333"]
[BlackElo "1338"]
[WhiteClock "01:03:53"]
[BlackClock "00:08:42"]
[PlyCount "109"]
[WhiteFideId "16279514"]
[BlackFideId "34603042"]
[EventCountry "GER"]
[EventRounds "9"]
[EventType "swiss"]
[EventDate "2023.05.27"]

1. e4 {[%clk 01:30:58]} e6 {[%clk 01:30:54]} {[%emt 00:00:07]} 2. d4 {[%clk
01:31:23]} {[%emt 00:00:04]} d5 {[%clk 01:31:16]} {[%emt 00:00:07]} 3. exd5
{[%clk 01:31:52]} {[%emt 00:00:02]} exd5 {[%clk 01:31:36]} {[%emt 00:00:10]} 4.
Bd3 {[%clk 01:32:16]} {[%emt 00:00:05]} Bd6 {[%clk 01:31:42]} {[%emt 00:00:24]}
5. Nf3 {[%clk 01:32:39]} {[%emt 00:00:07]} Ne7 {[%clk 01:31:43]} {[%emt
00:00:29]} 6. Bg5 {[%clk 01:32:49]} {[%emt 00:00:20]} f6 {[%clk 01:31:43]}
{[%emt 00:00:30]} 7. Bh4 {[%clk 01:33:07]} {[%emt 00:00:12]} Bf5 {[%clk
01:31:41]} {[%emt 00:00:32]} 8. c3 {[%clk 01:33:22]} {[%emt 00:00:15]} Nbc6
{[%clk 01:30:43]} {[%emt 00:01:28]} 9. Bg3 {[%clk 01:33:16]} {[%emt 00:00:36]}
Qd7 {[%clk 01:30:18]} {[%emt 00:00:55]} 10. Qc2 {[%clk 01:32:45]} {[%emt
00:01:01]} O-O-O {[%clk 01:26:43]} {[%emt 00:04:05]} 11. Bxd6 {[%clk 01:31:54]}
{[%emt 00:01:21]} Bxd3 {[%clk 01:25:26]} {[%emt 00:01:46]} 12. Qxd3 {[%clk
01:32:12]} {[%emt 00:00:12]} Qxd6 {[%clk 01:25:39]} {[%emt 00:00:17]} 13. Nbd2
{[%clk 01:32:19]} {[%emt 00:00:23]} Qe6+ {[%clk 01:20:58]} {[%emt 00:05:10]}
14. Qe3 {[%clk 01:32:18]} {[%emt 00:00:33]} Qxe3+ {[%clk 01:20:08]} {[%emt
00:01:20]} 15. fxe3 {[%clk 01:32:40]} {[%emt 00:00:07]} Nf5 {[%clk 01:19:19]}
{[%emt 00:01:20]} 16. Kf2 {[%clk 01:32:40]} {[%emt 00:00:29]} Rhe8 {[%clk
01:18:48]} {[%emt 00:01:00]} 17. Rhe1 {[%clk 01:31:50]} {[%emt 00:01:21]} Nd6
{[%clk 01:17:22]} {[%emt 00:01:55]} 18. Ke2 {[%clk 01:30:29]} {[%emt 00:01:51]}
Re7 {[%clk 01:15:23]} {[%emt 00:02:26]} 19. Kd3 {[%clk 01:29:47]} {[%emt
00:01:12]} Rde8 {[%clk 01:09:08]} {[%emt 00:06:48]} 20. b3 {[%clk 01:26:04]}
{[%emt 00:04:14]} Ne4 {[%clk 01:07:36]} {[%emt 00:02:02]} 21. Kc2 {[%clk
01:19:24]} {[%emt 00:07:10]} Nf2 {[%clk 01:03:20]} {[%emt 00:04:45]} 22. Nf1
{[%clk 01:19:09]} {[%emt 00:00:47]} Ne4 {[%clk 00:50:46]} {[%emt 00:13:03]} 23.
N1d2 {[%clk 01:19:24]} {[%emt 00:00:15]} Nd6 {[%clk 00:46:28]} {[%emt
00:04:48]} 24. Kd3 {[%clk 01:19:02]} {[%emt 00:00:52]} Ne4 {[%clk 00:42:11]}
{[%emt 00:04:46]} 25. Kc2 {[%clk 01:19:02]} {[%emt 00:00:31]} Nd8 {[%clk
00:38:29]} {[%emt 00:04:11]} 26. Nxe4 {[%clk 01:18:49]} {[%emt 00:00:43]} Rxe4
{[%clk 00:35:53]} {[%emt 00:03:06]} 27. Kd3 {[%clk 01:18:56]} {[%emt 00:00:23]}
Ne6 {[%clk 00:28:21]} {[%emt 00:08:01]} 28. c4 {[%clk 01:18:47]} {[%emt
00:00:41]} c6 {[%clk 00:27:12]} {[%emt 00:01:39]} 29. cxd5 {[%clk 01:17:14]}
{[%emt 00:02:01]} cxd5 {[%clk 00:27:23]} {[%emt 00:00:21]} 30. Rac1+ {[%clk
01:16:35]} {[%emt 00:01:09]} Kd7 {[%clk 00:26:46]} {[%emt 00:01:06]} 31. g3
{[%clk 01:13:35]} {[%emt 00:03:31]} Rg4 {[%clk 00:21:46]} {[%emt 00:05:29]} 32.
Rc2 {[%clk 01:10:23]} {[%emt 00:03:43]} Rc8 {[%clk 00:18:46]} {[%emt 00:03:30]}
33. Rxc8 {[%clk 01:10:34]} {[%emt 00:00:19]} Kxc8 {[%clk 00:19:09]} {[%emt
00:00:06]} 34. e4 {[%clk 01:10:31]} {[%emt 00:00:33]} dxe4+ {[%clk 00:18:47]}
{[%emt 00:00:52]} 35. Rxe4 {[%clk 01:10:53]} {[%emt 00:00:07]} Rxe4 {[%clk
00:18:26]} {[%emt 00:00:52]} 36. Kxe4 {[%clk 01:11:18]} {[%emt 00:00:04]} Kd7
{[%clk 00:18:35]} {[%emt 00:00:20]} 37. d5 {[%clk 01:10:40]} {[%emt 00:01:08]}
Nc5+ {[%clk 00:18:26]} {[%emt 00:00:39]} 38. Kd4 {[%clk 01:10:52]} {[%emt
00:00:17]} Kd6 {[%clk 00:17:12]} {[%emt 00:01:44]} 39. Nd2 {[%clk 01:10:25]}
{[%emt 00:00:58]} b5 {[%clk 00:15:38]} {[%emt 00:02:03]} 40. b4 {[%clk
00:49:42]} {[%emt 00:21:14]} Nb7 {[%clk 00:11:29]} {[%emt 00:04:37]} 41. Ne4+
{[%clk 00:48:39]} {[%emt 00:01:35]} Ke7 {[%clk 00:10:11]} {[%emt 00:01:46]} 42.
Nc5 {[%clk 00:45:53]} {[%emt 00:03:18]} Nd8 {[%clk 00:07:30]} {[%emt 00:03:09]}
43. Ne6 {[%clk 00:43:19]} {[%emt 00:03:07]} Nxe6+ {[%clk 00:05:55]} {[%emt
00:02:04]} 44. dxe6 {[%clk 00:43:43]} {[%emt 00:00:06]} Kxe6 {[%clk 00:06:06]}
{[%emt 00:00:18]} 45. Kc5 {[%clk 00:43:39]} {[%emt 00:00:35]} g5 {[%clk
00:19:23]} {[%emt 00:17:13]} 46. Kxb5 {[%clk 01:12:12]} {[%emt 00:01:57]} f5
{[%clk 00:17:35]} {[%emt 00:02:19]} 47. Kc4 {[%clk 01:12:36]} {[%emt 00:00:06]}
Ke5 {[%clk 00:15:49]} {[%emt 00:02:15]} 48. Kd3 {[%clk 01:12:15]} {[%emt
00:00:52]} h5 {[%clk 00:14:55]} {[%emt 00:01:23]} 49. Ke3 {[%clk 01:06:33]}
{[%emt 00:06:12]} Kd5 {[%clk 00:13:34]} {[%emt 00:01:50]} 50. h4 {[%clk
01:05:41]} {[%emt 00:01:23]} gxh4 {[%clk 00:11:07]} {[%emt 00:02:57]} 51. gxh4
{[%clk 01:05:46]} {[%emt 00:00:26]} Kc4 {[%clk 00:10:57]} {[%emt 00:00:40]} 52.
b5 {[%clk 01:04:54]} {[%emt 00:01:22]} Kxb5 {[%clk 00:11:01]} {[%emt 00:00:25]}
53. Kf4 {[%clk 01:04:00]} {[%emt 00:01:24]} Ka4 {[%clk 00:08:57]} {[%emt
00:02:34]} 54. Kg5 {[%clk 01:04:09]} {[%emt 00:00:21]} f4 {[%clk 00:08:42]}
{[%emt 00:00:45]} 55. Kxf4 {[%clk 01:03:53]} {[%emt 00:00:46]} 1/2-1/2

[Event "DEM U12 2023"]
[Site "Willingen GER"]
[Date "2023.05.29"]
[Round "3"]
[White "Zimmer, Tim"]
[Black "Böhler, Yannic"]
[Result "1/2-1/2"]
[Termination "normal"]
[Board "18"]
[WhiteElo "1258"]
[BlackElo "1377"]
[WhiteClock "00:17:37"]
[BlackClock "00:07:34"]
[PlyCount "120"]
[WhiteFideId "34603115"]
[BlackFideId "34609059"]
[EventCountry "GER"]
[EventRounds "9"]
[EventType "swiss"]
[EventDate "2023.05.27"]

1. e4 {[%clk 01:30:58]} {[%emt 00:00:02]} c5 {[%clk 01:30:55]} {[%emt
00:00:05]} 2. Nc3 {[%clk 01:31:22]} {[%emt 00:00:06]} Nc6 {[%clk 01:31:21]}
{[%emt 00:00:04]} 3. Bb5 {[%clk 01:31:47]} {[%emt 00:00:05]} e6 {[%clk
01:31:40]} {[%emt 00:00:12]} 4. Bxc6 {[%clk 01:31:47]} {[%emt 00:00:29]} bxc6
{[%clk 01:31:39]} {[%emt 00:00:30]} 5. Nf3 {[%clk 01:30:29]} {[%emt 00:01:48]}
Nf6 {[%clk 01:19:11]} {[%emt 00:12:59]} 6. d4 {[%clk 01:25:11]} {[%emt
00:05:48]} cxd4 {[%clk 01:17:34]} {[%emt 00:02:07]} 7. Qxd4 {[%clk 01:24:30]}
{[%emt 00:01:12]} d5 {[%clk 01:07:29]} {[%emt 00:10:34]} 8. exd5 {[%clk
01:11:21]} {[%emt 00:13:40]} cxd5 {[%clk 01:06:46]} {[%emt 00:01:13]} 9. O-O
{[%clk 01:10:37]} {[%emt 00:01:13]} Be7 {[%clk 01:03:37]} {[%emt 00:03:38]} 10.
Ne5 {[%clk 00:59:02]} {[%emt 00:12:07]} Bd7 {[%clk 00:59:06]} {[%emt 00:05:00]}
11. Bd2 {[%clk 00:54:56]} {[%emt 00:04:36]} O-O {[%clk 00:54:36]} {[%emt
00:05:01]} 12. Kh1 {[%clk 00:41:34]} {[%emt 00:13:52]} Ne8 {[%clk 00:44:00]}
{[%emt 00:11:05]} 13. Ne2 {[%clk 00:33:09]} {[%emt 00:08:55]} Nd6 {[%clk
00:38:30]} {[%emt 00:06:00]} 14. Ng3 {[%clk 00:32:18]} {[%emt 00:01:22]} Bf6
{[%clk 00:33:42]} {[%emt 00:05:17]} 15. f4 {[%clk 00:27:14]} {[%emt 00:05:35]}
Qc7 {[%clk 00:30:42]} {[%emt 00:03:29]} 16. Bb4 {[%clk 00:22:38]} {[%emt
00:05:07]} Rfc8 {[%clk 00:22:10]} {[%emt 00:09:01]} 17. Qf2 {[%clk 00:12:11]}
{[%emt 00:10:56]} Nc4 {[%clk 00:20:30]} {[%emt 00:02:11]} 18. Bc3 {[%clk
00:11:19]} {[%emt 00:01:22]} Bb5 {[%clk 00:19:09]} {[%emt 00:01:51]} 19. Rfe1
{[%clk 00:10:23]} {[%emt 00:01:26]} g6 {[%clk 00:17:30]} {[%emt 00:02:09]} 20.
Rad1 {[%clk 00:07:38]} {[%emt 00:03:15]} Rab8 {[%clk 00:15:31]} {[%emt
00:02:30]} 21. Qf3 {[%clk 00:03:05]} {[%emt 00:05:03]} Be8 {[%clk 00:12:24]}
{[%emt 00:03:36]} 22. Rb1 {[%clk 00:01:55]} {[%emt 00:01:41]} Bg7 {[%clk
00:10:21]} {[%emt 00:02:32]} 23. h4 {[%clk 00:01:53]} {[%emt 00:00:32]} Rd8
{[%clk 00:08:34]} {[%emt 00:02:17]} 24. Bd4 {[%clk 00:01:21]} {[%emt 00:01:03]}
h5 {[%clk 00:05:17]} {[%emt 00:03:46]} 25. c3 {[%clk 00:01:20]} {[%emt
00:00:30]} Nd2 {[%clk 00:04:01]} {[%emt 00:01:47]} 26. Qe3 {[%clk 00:01:16]}
{[%emt 00:00:34]} Nxb1 {[%clk 00:04:22]} {[%emt 00:00:10]} 27. Rxb1 {[%clk
00:01:44]} {[%emt 00:00:02]} Qe7 {[%clk 00:02:27]} {[%emt 00:02:23]} 28. Bxa7
{[%clk 00:00:59]} {[%emt 00:01:16]} Ra8 {[%clk 00:01:49]} {[%emt 00:01:08]} 29.
Bc5 {[%clk 00:01:02]} {[%emt 00:00:28]} Qxh4+ {[%clk 00:01:22]} {[%emt
00:00:58]} 30. Kg1 {[%clk 00:01:30]} {[%emt 00:00:01]} Bxe5 {[%clk 00:00:45]}
{[%emt 00:01:07]} 31. Qxe5 {[%clk 00:00:34]} {[%emt 00:01:26]} Rdc8 {[%clk
00:00:33]} {[%emt 00:00:42]} 32. Bd4 {[%clk 00:00:35]} {[%emt 00:00:27]} f6
{[%clk 00:00:54]} {[%emt 00:00:10]} 33. Qxe6+ {[%clk 00:00:58]} {[%emt
00:00:07]} Bf7 {[%clk 00:00:55]} {[%emt 00:00:29]} 34. Qe3 {[%clk 00:01:03]}
{[%emt 00:00:22]} Qg4 {[%clk 00:00:35]} {[%emt 00:00:54]} 35. Bxf6 {[%clk
00:01:20]} {[%emt 00:00:13]} Qe6 {[%clk 00:00:54]} {[%emt 00:00:11]} 36. Qd4
{[%clk 00:01:09]} {[%emt 00:00:41]} Rc4 {[%clk 00:00:55]} {[%emt 00:00:29]} 37.
Qe5 {[%clk 00:00:57]} {[%emt 00:00:41]} Qxe5 {[%clk 00:01:01]} {[%emt
00:00:25]} 38. Bxe5 {[%clk 00:01:02]} {[%emt 00:00:24]} Rxa2 {[%clk 00:00:47]}
{[%emt 00:00:45]} 39. b3 {[%clk 00:01:28]} {[%emt 00:00:04]} Rc8 {[%clk
00:00:41]} {[%emt 00:00:36]} 40. b4 {[%emt 00:00:05]} Be8 {[%clk 00:00:32]}
{[%emt 00:00:38]} 41. Rd1 {[%clk 00:01:50]} {[%emt 00:00:33]} Kh7 {[%clk
00:30:00]} {[%emt 00:00:32]} 42. Nf1 {[%clk 00:26:44]} {[%emt 00:05:37]} Re2
{[%clk 00:21:57]} {[%emt 00:09:03]} 43. Rxd5 {[%clk 00:23:33]} {[%emt
00:03:40]} Bc6 {[%clk 00:20:48]} {[%emt 00:01:39]} 44. Rd2 {[%clk 00:23:51]}
{[%emt 00:00:11]} Rxd2 {[%clk 00:19:19]} {[%emt 00:02:01]} 45. Nxd2 {[%clk
00:24:15]} {[%emt 00:00:06]} Bb5 {[%clk 00:18:59]} {[%emt 00:00:49]} 46. Kf2
{[%clk 00:24:03]} {[%emt 00:00:44]} Kg8 {[%clk 00:17:32]} {[%emt 00:01:56]} 47.
Ke3 {[%clk 00:23:22]} {[%emt 00:01:10]} Kf7 {[%clk 00:12:26]} {[%emt 00:05:36]}
48. Ne4 {[%clk 00:22:55]} {[%emt 00:00:58]} Rd8 {[%clk 00:09:55]} {[%emt
00:03:00]} 49. Nd6+ {[%clk 00:23:05]} {[%emt 00:00:20]} Rxd6 {[%clk 00:10:10]}
{[%emt 00:00:16]} 50. Bxd6 {[%clk 00:23:31]} {[%emt 00:00:04]} Ke6 {[%clk
00:10:27]} {[%emt 00:00:12]} 51. Bc5 {[%clk 00:22:14]} {[%emt 00:01:48]} Kd5
{[%clk 00:10:48]} {[%emt 00:00:09]} 52. Bd4 {[%clk 00:21:29]} {[%emt 00:01:15]}
Bc6 {[%clk 00:09:45]} {[%emt 00:01:31]} 53. g3 {[%clk 00:19:48]} {[%emt
00:02:14]} Bd7 {[%clk 00:08:04]} {[%emt 00:02:11]} 54. Kd3 {[%clk 00:16:37]}
{[%emt 00:03:42]} Bf5+ {[%clk 00:07:58]} {[%emt 00:00:36]} 55. Ke3 {[%clk
00:15:52]} {[%emt 00:01:16]} Bd7 {[%clk 00:08:21]} {[%emt 00:00:07]} 56. Kd2
{[%clk 00:16:13]} {[%emt 00:00:09]} Bb5 {[%clk 00:08:23]} {[%emt 00:00:28]} 57.
Kc2 {[%clk 00:16:36]} {[%emt 00:00:06]} Bd7 {[%clk 00:08:41]} {[%emt 00:00:12]}
58. Kb3 {[%clk 00:16:58]} {[%emt 00:00:09]} Bb5 {[%clk 00:09:06]} {[%emt
00:00:05]} 59. Be5 {[%clk 00:17:12]} {[%emt 00:00:15]} Bc4+ {[%clk 00:07:34]}
{[%emt 00:02:02]} 60. Ka4 {[%clk 00:17:37]} {[%emt 00:00:06]} Kc6 {[%emt
00:01:05]} 1/2-1/2

[Event "DEM U12 2023"]
[Site "Willingen GER"]
[Date "2023.05.29"]
[Round "3"]
[White "Leonhardt, Max"]
[Black "Krüger, Moritz"]
[Result "0-1"]
[Termination "normal"]
[Board "19"]
[WhiteElo "1232"]
[BlackElo "1582"]
[WhiteClock "01:14:37"]
[BlackClock "01:33:50"]
[PlyCount "121"]
[WhiteFideId "34623647"]
[BlackFideId "34608923"]
[EventCountry "GER"]
[EventRounds "9"]
[EventType "swiss"]
[EventDate "2023.05.27"]

1. d4 {[%clk 01:30:54]} {[%emt 00:00:05]} Nf6 {[%clk 01:30:56]} {[%emt
00:00:05]} 2. c4 {[%clk 01:31:16]} {[%emt 00:00:07]} e6 {[%clk 01:31:22]}
{[%emt 00:00:05]} 3. Nc3 {[%clk 01:31:40]} {[%emt 00:00:06]} Bb4 {[%clk
01:31:48]} {[%emt 00:00:04]} 4. Qc2 {[%clk 01:31:39]} {[%emt 00:00:31]} O-O
{[%clk 01:32:12]} {[%emt 00:00:06]} 5. Nf3 {[%clk 01:32:00]} {[%emt 00:00:09]}
c5 {[%clk 01:32:37]} {[%emt 00:00:06]} 6. a3 {[%clk 01:32:08]} {[%emt
00:00:22]} Bxc3+ {[%clk 01:33:01]} {[%emt 00:00:05]} 7. bxc3 {[%clk 01:32:28]}
{[%emt 00:00:10]} Nc6 {[%clk 01:33:05]} {[%emt 00:00:26]} 8. Bg5 {[%clk
01:32:32]} {[%emt 00:00:26]} d6 {[%clk 01:33:13]} {[%emt 00:00:21]} 9. e3
{[%clk 01:32:46]} {[%emt 00:00:16]} b6 {[%clk 01:33:19]} {[%emt 00:00:24]} 10.
Bd3 {[%clk 01:33:03]} {[%emt 00:00:13]} h6 {[%clk 01:33:43]} {[%emt 00:00:06]}
11. Bh4 {[%clk 01:32:22]} {[%emt 00:01:11]} Ba6 {[%clk 01:30:54]} {[%emt
00:03:19]} 12. e4 {[%clk 01:32:11]} {[%emt 00:00:42]} e5 {[%clk 01:30:39]}
{[%emt 00:00:43]} 13. Qa4 {[%clk 01:30:09]} {[%emt 00:02:33]} Na5 {[%clk
01:30:48]} {[%emt 00:00:18]} 14. Rd1 {[%clk 01:25:27]} {[%emt 00:05:15]} exd4
{[%clk 01:29:11]} {[%emt 00:02:07]} 15. cxd4 {[%clk 01:25:36]} {[%emt
00:00:22]} Qd7 {[%clk 01:29:29]} {[%emt 00:00:11]} 16. Qxd7 {[%clk 01:25:38]}
{[%emt 00:00:29]} Nxd7 {[%clk 01:29:49]} {[%emt 00:00:10]} 17. Be7 {[%clk
01:25:29]} {[%emt 00:00:40]} Rfe8 {[%clk 01:30:06]} {[%emt 00:00:11]} 18. Bxd6
{[%clk 01:25:19]} {[%emt 00:00:41]} Bxc4 {[%clk 01:30:28]} {[%emt 00:00:08]}
19. Bc2 {[%clk 01:25:36]} {[%emt 00:00:13]} Bd5 {[%clk 01:30:01]} {[%emt
00:00:57]} 20. Nd2 {[%clk 01:16:48]} {[%emt 00:09:20]} cxd4 {[%clk 01:29:47]}
{[%emt 00:00:43]} 21. O-O {[%clk 01:17:07]} {[%emt 00:00:11]} Bb7 {[%clk
01:30:02]} {[%emt 00:00:12]} 22. Rfe1 {[%clk 01:16:54]} {[%emt 00:00:47]} Nc5
{[%clk 01:29:22]} {[%emt 00:01:09]} 23. Nf3 {[%clk 01:16:47]} {[%emt 00:00:37]}
Nxe4 {[%clk 01:29:19]} {[%emt 00:00:33]} 24. Bxe4 {[%clk 01:16:16]} {[%emt
00:01:02]} Rxe4 {[%clk 01:29:23]} {[%emt 00:00:25]} 25. Rxe4 {[%clk 01:15:14]}
{[%emt 00:01:33]} Bxe4 {[%clk 01:29:18]} {[%emt 00:00:35]} 26. Nxd4 {[%clk
01:15:10]} {[%emt 00:00:34]} Rd8 {[%clk 01:29:27]} {[%emt 00:00:20]} 27. Nb5
{[%clk 01:14:14]} {[%emt 00:01:27]} Nb7 {[%clk 01:28:32]} {[%emt 00:01:23]} 28.
Rd2 {[%clk 01:14:39]} {[%emt 00:00:06]} a6 {[%clk 01:28:43]} {[%emt 00:00:15]}
29. Nc3 {[%clk 01:15:06]} {[%emt 00:00:06]} Rxd6 {[%clk 01:29:04]} {[%emt
00:00:08]} 30. Nxe4 {[%clk 01:15:28]} {[%emt 00:00:09]} Rxd2 {[%clk 01:29:25]}
{[%emt 00:00:09]} 31. Nxd2 {[%clk 01:15:50]} {[%emt 00:00:09]} Kf8 {[%clk
01:29:29]} {[%emt 00:00:24]} 32. Kf1 {[%clk 01:15:36]} {[%emt 00:00:45]} Ke7
{[%clk 01:29:40]} {[%emt 00:00:18]} 33. Ke2 {[%clk 01:15:26]} {[%emt 00:00:41]}
Ke6 {[%clk 01:30:02]} {[%emt 00:00:07]} 34. Ke3 {[%clk 01:15:40]} {[%emt
00:00:17]} Nd6 {[%clk 01:30:06]} {[%emt 00:00:25]} 35. Kd4 {[%clk 01:14:27]}
{[%emt 00:01:44]} Nb5+ {[%clk 01:30:26]} {[%emt 00:00:10]} 36. Kc4 {[%clk
01:14:31]} {[%emt 00:00:26]} Nxa3+ {[%clk 01:30:51]} {[%emt 00:00:05]} 37. Kb3
{[%clk 01:14:51]} {[%emt 00:00:10]} Nb5 {[%clk 01:31:10]} {[%emt 00:00:10]} 38.
Nc4 {[%clk 01:14:09]} {[%emt 00:01:14]} Nd4+ {[%clk 01:31:32]} {[%emt
00:00:06]} 39. Kb4 {[%clk 01:14:07]} {[%emt 00:00:31]} b5 {[%clk 01:31:33]}
{[%emt 00:00:30]} 40. Ne3 {[%clk 01:13:20]} {[%emt 00:01:16]} Nc6+ {[%clk
01:30:34]} {[%emt 00:01:30]} 41. Kc5 {[%clk 01:13:41]} {[%emt 00:00:10]} Ne5
{[%clk 01:30:44]} {[%emt 00:00:18]} 42. f3 {[%clk 01:13:44]} {[%emt 00:00:29]}
Nc4 {[%clk 01:30:40]} {[%emt 00:00:33]} 43. Ng4 {[%clk 01:12:41]} {[%emt
00:01:29]} h5 {[%clk 01:29:58]} {[%emt 00:01:17]} 44. Nf2 {[%clk 01:13:07]}
{[%emt 00:00:05]} Ne3 {[%clk 01:30:13]} {[%emt 00:00:13]} 45. g3 {[%clk
01:12:14]} {[%emt 00:01:25]} Nf1 {[%clk 01:30:07]} {[%emt 00:00:35]} 46. Kb6
{[%clk 01:12:11]} {[%emt 00:00:34]} Nxh2 {[%clk 01:30:21]} {[%emt 00:00:15]}
47. f4 {[%clk 01:12:35]} {[%emt 00:00:06]} Nf1 {[%clk 01:30:34]} {[%emt
00:00:14]} 48. g4 {[%clk 01:12:25]} {[%emt 00:00:43]} hxg4 {[%clk 01:30:57]}
{[%emt 00:00:07]} 49. Nxg4 {[%clk 01:12:49]} {[%emt 00:00:06]} Kf5 {[%clk
01:30:42]} {[%emt 00:00:45]} 50. Ne5 {[%clk 01:12:59]} {[%emt 00:00:21]} Kxf4
{[%clk 01:30:30]} {[%emt 00:00:41]} 51. Nxf7 {[%clk 01:13:25]} {[%emt
00:00:06]} b4 {[%clk 01:30:51]} {[%emt 00:00:08]} 52. Nd6 {[%clk 01:13:41]}
{[%emt 00:00:14]} g5 {[%clk 01:31:11]} {[%emt 00:00:09]} 53. Kxa6 {[%clk
01:14:02]} {[%emt 00:00:09]} g4 {[%clk 01:31:36]} {[%emt 00:00:05]} 54. Ka5
{[%clk 01:14:00]} {[%emt 00:00:32]} g3 {[%clk 01:32:00]} {[%emt 00:00:06]} 55.
Kxb4 {[%clk 01:12:55]} {[%emt 00:01:36]} g2 {[%clk 01:32:23]} {[%emt 00:00:06]}
56. Kb5 {[%clk 01:13:07]} {[%emt 00:00:19]} g1=Q {[%clk 01:32:44]} {[%emt
00:00:09]} 57. Kc6 {[%clk 01:13:27]} {[%emt 00:00:10]} Ne3 {[%clk 01:32:54]}
{[%emt 00:00:17]} 58. Kd7 {[%clk 01:13:50]} {[%emt 00:00:09]} Qd1 {[%clk
01:33:09]} {[%emt 00:00:13]} 59. Kc6 {[%clk 01:14:04]} {[%emt 00:00:18]} Qd5+
{[%clk 01:33:30]} {[%emt 00:00:09]} 60. Kc7 {[%clk 01:14:22]} {[%emt 00:00:12]}
Nf5 {[%clk 01:33:50]} {[%emt 00:00:09]} 61. Nc8 {[%clk 01:14:37]} {[%emt
00:00:17]} 0-1

[Event "DEM U12 2023"]
[Site "Willingen GER"]
[Date "2023.05.29"]
[Round "3"]
[White "Sepe, Giovanni Paolo"]
[Black "Madel, Luca"]
[Result "1-0"]
[Termination "normal"]
[Board "20"]
[WhiteElo "1550"]
[BlackElo "1151"]
[WhiteClock "01:28:24"]
[BlackClock "01:23:42"]
[PlyCount "23"]
[WhiteFideId "34631909"]
[BlackFideId "16296516"]
[EventCountry "GER"]
[EventRounds "9"]
[EventType "swiss"]
[EventDate "2023.05.27"]

1. e4 {[%clk 01:30:59]} {[%emt 00:03:12]} c5 {[%clk 01:30:45]} {[%emt
00:00:15]} 2. Nc3 {[%clk 01:31:25]} {[%emt 00:00:04]} e6 {[%clk 01:30:57]}
{[%emt 00:00:18]} 3. d4 {[%clk 01:31:46]} {[%emt 00:00:09]} cxd4 {[%clk
01:31:07]} {[%emt 00:00:19]} 4. Qxd4 {[%clk 01:32:13]} {[%emt 00:00:03]} a6
{[%clk 01:31:03]} {[%emt 00:00:35]} 5. Bf4 {[%clk 01:32:31]} {[%emt 00:00:12]}
d6 {[%clk 01:29:47]} {[%emt 00:01:46]} 6. Qd3 {[%clk 01:30:22]} {[%emt
00:02:39]} Qc7 {[%clk 01:29:38]} {[%emt 00:00:39]} 7. O-O-O {[%clk 01:30:20]}
{[%emt 00:00:32]} e5 {[%clk 01:28:50]} {[%emt 00:01:17]} 8. Nd5 {[%clk
01:29:55]} {[%emt 00:00:56]} Qd8 {[%clk 01:27:58]} {[%emt 00:01:20]} 9. Be3
{[%clk 01:29:31]} {[%emt 00:00:56]} Nd7 {[%clk 01:27:29]} {[%emt 00:00:59]} 10.
Qc3 {[%clk 01:27:44]} {[%emt 00:02:16]} Nc5 {[%clk 01:23:28]} {[%emt 00:04:32]}
11. Bxc5 {[%clk 01:27:59]} {[%emt 00:00:15]} dxc5 {[%clk 01:23:42]} {[%emt
00:00:17]} 12. Qxe5+ {[%clk 01:28:24]} {[%emt 00:00:05]} 1-0